000 01071nam a2200241 4500
003 CO-ViMGA
020 _a9789585964518
040 _aCO-ViMGA
_bspa
_cCO-ViMGA
082 0 4 _a745.5
_bR81g
100 1 _aRubio, Natalia
_99140
245 1 0 _aEl gran libro de la plastilina /
_c investigación y textos Natalia Rubio ; dirección editorial Juan Carlos Oliveros Fortich ; fotografía Enrique Guzmán T
260 _aBogotá :
_bLexus,
300 _a199, [1] páginas :
_bfotografías en color ;
_e34 cm + 1 DVD
490 _a Plan Nacional de Lectura y Escritura Leer es mi Cuento / Ministerio de Cultura
500 _a Colección de actualización bibliográfica para la Red de Bibliotecas Públicas del Ministerio de Cultura, Plan Nacional de Lectura y Escritura Leer es mi Cuento
650 1 4 _a Plastilina
_xEducacion
_99142
650 1 4 _aDesde Los 12 Años
_99144
650 1 4 _aModelado En Plastilina
_xEnseñanza
_99143
650 1 4 _aTrabajos Manuales
_99141
700 1 _a Guzmán T., Enrique
_99146
700 1 _aOliveros Fortich, Juan Carlos
_99145
942 _2ddc
_cBK
999 _c7639
_d7639